000 01385nam a2200349 a 4500
001 ebr10734222
003 CaPaEBR
006 m o u
007 cr cn|||||||||
008 130617s2013 ne sb 001 0deng d
010 _z 2013016826
020 _z9789004250314 (hardback : alk. paper)
020 _z9789004254626 (e-book)
040 _aCaPaEBR
_cCaPaEBR
035 _a(OCoLC)857079192
050 1 4 _aBX4827.G86
_bW45 2013eb
082 0 4 _a231.7/65092
_223
100 1 _aWhitney, William B.
245 1 0 _aProblem and promise in Colin E. Gunton's doctrine of creation
_h[electronic resource] /
_cby William B. Whitney.
260 _aLeiden ;
_aBoston :
_bBrill,
_c2013.
300 _aviii, 213 p.
490 1 _aStudies in Reformed theology,
_x1571-4799 ;
_vv. 26
504 _aIncludes bibliographical references and index.
533 _aElectronic reproduction.
_bPalo Alto, Calif. :
_cebrary,
_d2013.
_nAvailable via World Wide Web.
_nAccess may be limited to ebrary affiliated libraries.
600 1 0 _aGunton, Colin E.
650 0 _aCreation
_xHistory of doctrines
_y20th century.
650 0 _aTheology.
655 7 _aElectronic books.
_2local
710 2 _aebrary, Inc.
830 0 _aStudies in Reformed theology ;
_v26.
856 4 0 _uhttp://site.ebrary.com/lib/rucke/Doc?id=10734222
_zAn electronic book accessible through the World Wide Web; click to view
999 _c36838
_d36838